[Event "Pan American-ch U18 27th"]
[Site "Montevideo"]
[Date "2016.07.25"]
[Round "1"]
[White "Dotta, Gian Franco"]
[Black "Palu, Andres"]
[Result "0-1"]
[WhiteElo "1538"]
[BlackElo "2152"]
[PlyCount "132"]
[EventDate "2016.07.25"]
[EventType "swiss"]
[EventRounds "9"]
[EventCountry "URU"]
[SourceTitle "EXT 2017"]
[Source "ChessBase"]
[SourceDate "2016.10.25"]
[SourceVersion "1"]
[SourceVersionDate "2016.10.25"]
[SourceQuality "1"]

1. e4 c5 2. Nf3 g6 3. d4 cxd4 4. Nxd4 Nc6 5. c4 Nf6 6. Nc3 d6 7. Be3 Ng4 8. Nxc6 bxc6 9. Bd2 Qb6 10. Qf3 Bg7 11. Be2 0-0 12. b3 f5 13. 0-0 fxe4 14. Qxe4 Nxf2 15. Rxf2 Qxf2+ 16. Kh1 Qd4 17. Rd1 Qxe4 18. Nxe4 Bf5 19. Ng3 Be5 20. Nxf5 gxf5 21. Bf3 Rac8 22. Bg5 Bf6 23. Bh6 Bg7 24. Bg5 Rc7 25. Kg1 h6 26. Bh4 Bf6 27. Be1 Kg7 28. Ba5 Rcc8 29. Kf2 c5 30. Bd5 Bd4+ 31. Kf3 e5 32. Be1 e4+ 33. Ke2 Rce8 34. Bc6 Re6 35. Bd5 Ree8 36. Bc6 Re5 37. g3 Re7 38. Bd5 Rd8 39. Ba5 Rf8 40. Be1 Be5 41. Bd2 Bf6 42. Be3 Bg5 43. Rf1 Bxe3 44. Kxe3 h5 45. Rf4 Kg6 46. Bc6 Rc7 47. Bd5 Re8 48. Rh4 a5 49. Rf4 a4 50. Rf2 axb3 51. axb3 Rb8 52. Rb2 Rb6 53. Kd2 Ra7 54. Kc3 Ra1 55. Be6 Rc1+ 56. Kd2 Rf1 57. Bd7 Rf2+ 58. Kc3 Rxb2 59. Kxb2 Kg5 60. h3 e3 61. Kc2 e2 62. Kd2 Rxb3 63. Kxe2 Rxg3 64. Be6 Rxh3 65. Kf2 Rc3 66. Kg2 h4 0-1